Statistiques concernant Coupes dans Mario Kart DS

Cliquez ici pour prendre le quiz!

Statistiques générales

  • Ce quiz a été pris 84 fois
  • Le résultat moyen est 7 sur 8

Statistiques - réponses

Réponse% Correct
Champignon
99%
Etoile
94%
Carapace
86%
Feuille
83%
Fleur
83%
Banane
81%
Eclair
78%
Spéciale
58%

Distribution des résultats

Percentile par nombre de réponses

% des personnes avec chaque résultat

Votre développement - résultats

Vous n’avez pas pris ce quiz